Statistics for Netball Positions in 30 seconds!

Click here to take the quiz!

General Stats

  • This quiz has been taken 529 times
  • The average score is 5 of 7

Answer Stats

HintAnswer% Correct
CCenter
98%
WAWing Attack
94%
WDWing Defence
89%
GAGoal Attack
80%
GDGoal Defence
72%
GSGoal Shooter
57%
GKGoal Keeper
48%

Score Distribution

Percentile by Number Answered

Percent of People with Each Score

Your Score History

You have not taken this quiz